Emergency! / (Record no. 49328)
| 000 -LEADER | |
|---|---|
| fixed length control field | 00331nam a2200121 4500 |
| 020 ## - INTERNATIONAL STANDARD BOOK NUMBER | |
| International Standard Book Number | 9781408368343 |
| 100 ## - MAIN ENTRY--PERSONAL NAME | |
| Personal name | Mayo, Margaret |
| 9 (RLIN) | 58713 |
| 245 ## - TITLE STATEMENT | |
| Title | Emergency! / |
| Statement of responsibility, etc | Margaret Mayo & Alex Ayliffe |
| 260 ## - PUBLICATION, DISTRIBUTION, ETC. (IMPRINT) | |
| Place of publication, distribution, etc | London |
| Name of publisher, distributor, etc | Orchard Books |
| Date of publication, distribution, etc | 2003 |
| 300 ## - PHYSICAL DESCRIPTION | |
| Extent | unpaged. |
| Other physical details | col. ill. |
| Dimensions | 24 cm. |
| 650 ## - SUBJECT ADDED ENTRY--TOPICAL TERM | |
| Topical term or geographic name as entry element | Fire Trucks |
| 9 (RLIN) | 86555 |
| 942 ## - ADDED ENTRY ELEMENTS (KOHA) | |
| Source of classification or shelving scheme | |
| Koha item type | Book |
| Withdrawn status | Lost status | Source of classification or shelving scheme | Damaged status | Not for loan | Home library | Current library | Shelving location | Date acquired | Total Checkouts | Full call number | Barcode | Date last seen | Date checked out | Price effective from | Koha item type |
|---|---|---|---|---|---|---|---|---|---|---|---|---|---|---|---|
| Asian Hope Early Years Library | Asian Hope Early Years Library | Easy Reading | 08/18/2025 | 4 | E MAY | 208893 | 04/30/2026 | 04/23/2026 | 08/18/2025 | Book |